अलेक्झांडर ग्रॅहॅम बेल / डॉ. अलेक्झांडर फ्लेमिंग (Record no. 328885)

MARC details
000 -LEADER
fixed length control field 00831nam a2200169Ia 4500
008 - FIXED-LENGTH DATA ELEMENTS--GENERAL INFORMATION
fixed length control field 090711s9999 xx 000 0 und d
082 ## - DEWEY DECIMAL CLASSIFICATION NUMBER
Item number 255
100 ## - MAIN ENTRY--PERSONAL NAME
Personal name बेडेकर िSाात्र
245 ## - TITLE STATEMENT
Title अलेक्झांडर ग्रॅहॅम बेल / डॉ. अलेक्झांडर फ्लेमिंग
260 ## - PUBLICATION, DISTRIBUTION, ETC. (IMPRINT)
Name of publisher, distributor, etc लोक वाङमय गृह
Date of publication, distribution, etc 1997
300 ## - PHYSICAL DESCRIPTION
Extent 40+42
600 ## - SUBJECT ADDED ENTRY--PERSONAL NAME
Personal name बेडेकर िSाात्र
630 ## - SUBJECT ADDED ENTRY--UNIFORM TITLE
Uniform title अलेक्झांडर ग्रॅहॅम बेल / डॉ. अलेक्झांडर फ्लेमिंग
700 ## - ADDED ENTRY--PERSONAL NAME
Personal name बेडेकर िSाात्र
730 ## - ADDED ENTRY--UNIFORM TITLE
Uniform title अलेक्झांडर ग्रॅहॅम बेल / डॉ. अलेक्झांडर फ्लेमिंग
942 ## - ADDED ENTRY ELEMENTS (KOHA)
Koha item type Book

No items available.